Basics of Energy and Environment/ (Record no. 211622)
[ view plain ]
| 000 -LEADER | |
|---|---|
| fixed length control field | 00699nam a2200205 4500 |
| 005 - DATE AND TIME OF LATEST TRANSACTION | |
| control field | 20250605151431.0 |
| 010 ## - LCCN (DPL NO) | |
| LC control number | ENG-145219 |
| 020 ## - INTERNATIONAL STANDARD BOOK NUMBER | |
| International Standard Book Number | 9789394899469 |
| Terms of availability | 351.00 |
| 035 ## - SYSTEM CONTROL NUMBER | |
| System control number | EN-128751 |
| 037 ## - SOURCE OF ACQUISITION | |
| Source of stock number/acquisition | DBAD |
| 082 ## - DEWEY DECIMAL CLASSIFICATION NUMBER | |
| Classification number | 333.7915 |
| Edition number | 1 |
| 100 ## - MAIN ENTRY--PERSONAL NAME | |
| Personal name | Ramjani, S.A. |
| 245 ## - TITLE STATEMENT | |
| Title | Basics of Energy and Environment/ |
| Statement of responsibility, etc | S.A. Ramjani; J. John Gunasekar [and] J. Ramachandran |
| 260 ## - PUBLICATION, DISTRIBUTION, ETC. (IMPRINT) | |
| Place of publication, distribution, etc | Madurai |
| Name of publisher, distributor, etc | Shanlax Publications |
| Date of publication, distribution, etc | 2022 |
| 270 ## - ADDRESS | |
| Address | 61,66 Vasantha Nagar |
| City | Madurai |
| Postal code | 625003 |
| Electronic mail address | shanlaxpublications@gmail.com |
| 300 ## - PHYSICAL DESCRIPTION | |
| Extent | 117p. |
| Dimensions | 25cm(Pb) |
| 700 ## - ADDED ENTRY--PERSONAL NAME | |
| Personal name | Gunasekar, J. John |
| Relator term | Author |
| 9 (RLIN) | 81726 |
| 700 ## - ADDED ENTRY--PERSONAL NAME | |
| Personal name | Ramachandran, J. |
| Relator term | Author |
| 9 (RLIN) | 81727 |
| 942 ## - ADDED ENTRY ELEMENTS (KOHA) | |
| Source of classification or shelving scheme | Dewey Decimal Classification |
| Item type | English Books |
| Classification part | 333.7915 |
| Call number suffix | RAM |
| Withdrawn status | Lost status | Not for loan | Collection code | Home library | Current library | Date acquired | Source of acquisition | Cost, normal purchase price | Full call number | Barcode | Copy number | Cost, replacement price | Koha item type |
|---|---|---|---|---|---|---|---|---|---|---|---|---|---|
| Non-fiction | RC3 Shakur Pur | RC3 Shakur Pur | 05/06/2025 | Delivery of Books Act Division | 351.00 | 333.7915 RAM | EN-128751 | 1 | 351.00 | English Books |
